000 00445nam a2200133Ia 4500
003 GCL
008 140319s9999 xx 000 0 ara d
040 _aGCL /
_cGCL
082 0 4 _aق
_b932.098
_bم م
100 1 _aمحمود سعيد عمران
245 1 0 _aمقالات فى تاريخ مصر فى العصر البيزنطى /
_cمحمود سعيد عمران
300 _a223 ص
490 _aالهيئة العامة للاستعلامات
_v0
999 _c49340
_d49340